| 000 | 00695nam a22001577a 4500 | ||
|---|---|---|---|
| 003 | OSt | ||
| 005 | 20151006143451.0 | ||
| 008 | 151006b xxu||||| |||| 00| 0 eng d | ||
| 040 | _cRUA | ||
| 082 | _aAVM IEN 2000 B072 Or.1 | ||
| 100 |
_92174 _aIENG, SAVOEURN. |
||
| 245 | _aArtificial insemination of pigs in research station at Royal University of Agriculture, ការបង្កាត់ពូជជ្រូកដោយសិប្បនិមិ្មត នៅស្ថានីយ៏ពិសោធន៏ នៃសាសកលវិទ្យាល័យភូមិន្ទសិកម្ម | ||
| 260 |
_aPhnom Penh _bRUA _c2000 |
||
| 300 |
_aix;41p. _bill. _c29cm. |
||
| 942 |
_2ddc _cAVM |
||
| 999 |
_c2045 _d2045 |
||